logo

Bir Sreshtho Munshi Abdur Rouf Library
Jhenaidah Cadet College

Poetry & Prose / (Record no. 6961)

MARC details
000 -LEADER
fixed length control field 00662nam a2200241 a 4500
001 - CONTROL NUMBER
JCCL Control Number 6961
003 - CONTROL NUMBER IDENTIFIER
JCCL marc code BD-JhCC
005 - DATE AND TIME OF LATEST TRANSACTION
control field 20180319084643.0
008 - FIXED-LENGTH DATA ELEMENTS--GENERAL INFORMATION
fixed length control field 180203s1961 e |||| || | 000 0 eng d
035 ## - SYSTEM CONTROL NUMBER
system control number (BD-JhCC)6961
040 ## - CATALOGING SOURCE
Original cataloging agency BD-JhCC
Modifying agency BD-JhCC
041 ## - LANGUAGE CODE
Language code of Book eng
082 ## - DEWEY DECIMAL CLASSIFICATION NUMBER
Classification number 812.5
Author mark and Year JOH 1961
100 ## - MAIN ENTRY--PERSONAL NAME
Personal name Johnson, Samuel,
Titles and other words associated with a name 1709-1784
245 ## - TITLE STATEMENT
Title Poetry & Prose /
Statement of responsibility, etc Samuel Johnson, R. W. Chapman, James Boswell
260 ## - PUBLICATION, DISTRIBUTION, ETC. (IMPRINT)
Place of publication, distribution, etc London :
Name of publisher, distributor, etc Oxford University Press,
Date of publication, distribution, etc 1961
300 ## - PHYSICAL DESCRIPTION
Pagination 188 p. :
Dimensions 20 cm.
650 ## - SUBJECT ADDED ENTRY--TOPICAL TERM
Topical term or geographic name as entry element Poetry
700 ## - ADDED ENTRY--PERSONAL NAME
Personal name Chapman, R. W.
Fuller form of name 1881-1960;
700 ## - ADDED ENTRY--PERSONAL NAME
Personal name Boswell, James,
Fuller form of name 1740-1795
942 ## - ADDED ENTRY ELEMENTS (KOHA)
Source of classification or shelving scheme Dewey Decimal Classification
Koha item type Books
Holdings
Source of classification or shelving scheme Damaged status Not for loan Home library Current library Shelving location Date of accession Total Checkouts Full call number Barcode Date last seen Copy number Koha item type Method of acquisition Currency
Dewey Decimal Classification     JCC Rouf Library JCC Rouf Library General Stacks 02/03/2018   812.5 JOH 1961 9084 02/03/2018 C-1 Books    
Dewey Decimal Classification     JCC Rouf Library JCC Rouf Library General Stacks     812.5 JOH 1961 12443 03/12/2018 C-3 Books    
Dewey Decimal Classification     JCC Rouf Library JCC Rouf Library General Stacks 07/22/2023   812.5 JOH 1951 10320 07/22/2023 C-2 Books Purchase BDT

JCC Library | Contacts | JCC Home

Last Update on 23 September 2017
Copyright @ 2017-2020 JCC Rouf Library
Rouf Library, Jhenidah Cadet College (JCC), Bangladesh